[Event "Sharjah Blitz op 27th"]
[Site "Sharjah"]
[Date "2022.04.08"]
[Round "6"]
[White "Hamad, Bader"]
[Black "Jineesh, E."]
[Result "1-0"]
[WhiteElo "1798"]
[BlackElo "1252"]
[PlyCount "44"]
[EventDate "2022.04.08"]
[EventType "swiss (blitz)"]
[EventRounds "9"]
[EventCountry "UAE"]
[SourceTitle "CBM 207 Extra"]
[Source "ChessBase"]
[SourceDate "2022.05.31"]
[SourceVersion "1"]
[SourceVersionDate "2022.05.31"]
[SourceQuality "1"]

1. e4 c6 2. Nf3 d5 3. Nc3 Bg4 4. h3 Bh5 5. exd5 cxd5 6. Bb5+ Nc6 7. g4 Bg6 8. Ne5 Rc8 9. d4 a6 10. Bxc6+ bxc6 11. h4 h6 12. Nxg6 fxg6 13. Qd3 Qd6 14. Qxa6 Qd7 15. f3 Nf6 16. Qd3 Kf7 17. Bf4 e6 18. Kf2 Bd6 19. Ne2 Bxf4 20. Nxf4 g5 21. Qg6+ Kf8 22. hxg5 Qf7 1-0